Central Library OPAC University of Rajshahi

Plant disease handbook / (Record no. 71739)

MARC details
000 -LEADER
fixed length control field 00651nam a2200229 4500
001 - CONTROL NUMBER
control field 71739
003 - CONTROL NUMBER IDENTIFIER
rucl marc code BD-RjUL
005 - DATE AND TIME OF LATEST TRANSACTION
control field 20211209082144.0
008 - FIXED-LENGTH DATA ELEMENTS--GENERAL INFORMATION
fixed length control field 170507s1960 n a 001 0 eng d
035 ## - SYSTEM CONTROL NUMBER
System control number (BD-RjUL)71955
040 ## - CATALOGING SOURCE
Original cataloging agency BD-RjUL
Language of cataloging eng
Transcribing agency BD-RjUL
041 ## - LANGUAGE CODE
Language code of text/sound track or separate title eng
082 ## - DEWEY DECIMAL CLASSIFICATION NUMBER
Edition number 23
Classification number 632
Author mark and year WEP 1960
100 1# - MAIN ENTRY--PERSONAL NAME
Personal name Westcott, Cynthia.
9 (RLIN) 212240
245 10 - TITLE STATEMENT
Title Plant disease handbook /
Statement of responsibility, etc. by Cynthia Westcott
250 ## - EDITION STATEMENT
Edition statement 2nd ed
260 ## - PUBLICATION, DISTRIBUTION, ETC. (IMPRINT)
Place of publication, distribution, etc. Princeton, N.J ;
-- London :
Name of publisher, distributor, etc. D. Van Nostrand ,
Date of publication, distribution, etc. 1960
300 ## - PHYSICAL DESCRIPTION
Pagination xii, 825 p. :
Illustrations ill. ;
Size 24 cm.
504 ## - BIBLIOGRAPHY, ETC. NOTE
Bibliography, etc Includes bibliography and index
650 #0 - SUBJECT ADDED ENTRY--TOPICAL TERM
Topical term or geographic name as entry element Plant diseases
9 (RLIN) 212241
942 ## - ADDED ENTRY ELEMENTS (KOHA)
Source of classification or shelving scheme Dewey Decimal Classification
Koha item type Books
Holdings
Lost status Source of classification or shelving scheme Damaged status Not for loan Collection code Permanent Location Current Location Shelving location Date acquired Source of acquisition Cost, normal purchase price Total Checkouts Full call number Date last seen Copy number Koha item type
  Dewey Decimal Classification   Not For Loan Non-fiction Central Library, University of Rajshahi Central Library, University of Rajshahi Reading Room 30/05/1964 Zeitlinger 70.00   632 WEP 1960 07/05/2017 C-1 Books